| 000 | 00969nam a2200193 i 4500 | ||
|---|---|---|---|
| 001 | 162586 | ||
| 003 | ES-MaACL | ||
| 005 | 20250729063236.0 | ||
| 008 | 931025s1839 sp |||| | spa d | ||
| 080 | _a821.134.2-23"18" | ||
| 100 | 1 |
_aPríncipe, Miguel Agustín, _d1811-1863 _9131397 |
|
| 245 | 1 | 3 |
_aEl Conde don Julian _b: drama original é histórico en siete cuadros y en verso / _cpor Miguel Agustín Principe. |
| 260 |
_aZaragoza : _b[s.n.], _c1839 ( _fImpr. de la calle del Coso, a cargo de M. Peiro) |
||
| 300 |
_a172 p. ; _c18 cm. |
||
| 530 | _aDisponible en formato digital. | ||
| 852 |
_aES-MaACL _jF-8640(6) _z-- Enc. pasta española. _z-- Dedicatoria ms. del autor al Ateneo de Madrid _q.- Falto de la cub. original _z.- Enc. en un vol. facticio formando parte de la col. facticia "Teatro español moderno", vol. 97 |
||
| 856 |
_uhttp://bdh-rd.bne.es/viewer.vm?id=0000094721&page=1 _zBiblioteca Digital Hispánica |
||
| 999 |
_c162586 _d162586 |
||